UK Number One Hits Of The 1960's - Statistics

General Stats
  • This quiz has been taken 141 times
  • The average score is 110 of 196
Answer Stats
Answer % Correct
A Hard Day's Night | All You Need Is Love | Can't Buy Me Love | +13 others The Beatles
100%
(I Can't Get No) Satisfaction | Get Off Of My Cloud | Honky Tonk Women | +5 others The Rolling Stones
99%
(Marie's The Name) His Latest Flame/Little Sister | (You're The) Devil In Disguise | Are You Lonesome Tonight? | +8 others Elvis Presley
97%
It's Over | Oh Pretty Woman | Only The Lonely Roy Orbison
94%
Do It Again | Good Vibrations The Beach Boys
92%
These Boots Are Made For Walkin Nancy Sinatra
90%
I Got You Babe Sonny & Cher
88%
Green Green Grass Of Home | It's Not Unusual Tom Jones
88%
Strangers In The Night Frank Sinatra
87%
The House Of The Rising Sun The Animals
86%
I'm A Believer The Monkees
86%
Congratulations | The Minute You're Gone Cliff Richard
82%
Sunny Afternoon | Tired Of Waiting For You | You Really Got Me The Kinks
81%
Baby Love The Supremes
78%
I Heard It Through The Grapevine Marvin Gaye
77%
Mr Tambourine man The Byrds
76%
What A Wonderful World Louis Armstrong
74%
I Love You | Please Don't Tease | Summer Holiday | +2 others Cliff Richard & The Shadows
73%
I've Gotta Get A Message To You | Massachusetts Bee Gees
72%
Cathy's Clown | Temptation | Walk Right Back/Ebony Eyes The Everly Brothers
70%
You've Lost That Lovin' Feelin' The Righteous Brothers
69%
A Whiter Shade Of Pale Procol Harum
67%
Apache | Dance On! | Foot Tapper | +2 others The Shadows
67%
Do Wah Diddy Diddy | Mighty Quinn | Pretty Flamingo Manfred Mann
66%
Somethin' Stupid Frank Sinatra & Nancy Sinatra
65%
Two Little Boys Rolf Harris
64%
Bad Moon Rising Creedence Clearwater Revival
63%
(There's) Always Something There To Remind Me | Long Live Love | Puppet On A String Sandie Shaw
63%
Sugar Sugar The Archies
62%
Anyone Who Had A Heart | You're My World Cilla Black
61%
How Do You Do It? | I Like It | You'll Never Walk Alone Gerry & The Pacemakers
61%
Albatross Fleetwood Mac
59%
You Don't Have To Say You Love Me Dusty Springfield
57%
With A Little Help From My Friends Joe Cocker
56%
My Old Man's A Dustman Lonnie Donegan
53%
Reach Out I'll Be There The Four Tops
53%
I'm Into Something Good Herman's Hermits
52%
I'll Never Find Another You | The Carnival Is Over The Seekers
52%
Make It Easy On Yourself | The Sun Ain't Gonna Shine Anymore The Walker Brothers
51%
Lily The Pink The Scaffold
48%
Ob-La-Di,Ob-La-Da Marmalade
47%
Those Were The Days Mary Hopkin
47%
Walkin' Back To Happiness | You Don't Know Helen Shapiro
46%
Runaway Del Shannon
45%
Release Me | The Last Waltz Engelbert Humperdinck
45%
Sailor | This Is My Song Petula Clark
45%
I'm Alive The Hollies
44%
Glad All Over The Dave Clark Five
43%
Israelites Desmond Dekker & The Aces
41%
Confessin | I Remember You | Lovesick Blues | The Wayward Wind Frank Ifield
41%
Telstar The Tornados
41%
In The Year 2525 Zager & Evans
40%
The Legend Of Xanadu Dave Dee, Dozy, Beaky, Mick & Tich
39%
Je T'aime Moi Non Plus Jane Birkin & Serge Gainsbourg
39%
Get Back The Beatles & Billy Preston
39%
Go Now The Moody Blues
39%
Don't Throw Your Love Away | Needles And Pins | Sweets For My Sweet The Searchers
39%
San Francisco (Be Sure To Wear Flowers In Your Hair) Scott McKenzie
38%
Silence Is Golden The Tremeloes
38%
Tears Ken Dodd
36%
Keep On Running | Somebody Help Me The Spencer Davis Group
35%
King Of The Road Roger Miller
34%
Reach For The Stars/Climb Ev'ry Mountain Shirley Bassey
34%
Young Girl Gary Puckett & The Union Gap
33%
The Ballad Of Bonnie And Clyde Georgie Fame
33%
Get Away | Yeh Yeh Georgie Fame & The Blue Flames
33%
Fire The Crazy World Of Arthur Brown
31%
Something In The Air Thunderclap Newman
31%
(If Paradise Is) Half As Nice Amen Corner
30%
Where Do You Go To (My Lovely)? Peter Sarstedt
30%
I Can't Stop Loving You Ray Charles
29%
All Or Nothing Small Faces
29%
Blackberry Way The Move
29%
With A Girl Like You The Troggs
29%
Distant Drums Jim Reeves
27%
Concrete And Clay Unit 4 +2
27%
Poor Me Adam Faith
25%
Shakin' All Over Johnny Kidd & The Pirates
25%
A World Without Love Peter And Gordon
25%
Come Outside Mike Sarne & Wendy Richard
24%
Three Steps To Heaven Eddie Cochran
23%
The Good, The Bad And The Ugly Hugo Montenegro
23%
Mony Mony Tommy James & The Shondells
23%
Have I The Right? The Honeycombs
22%
Dizzy Tommy Roe
22%
I Pretend Des O'Connor
21%
Everlasting Love Love Affair
21%
Baby Come Back The Equals
20%
Let The Heartaches Begin Long John Baldry
18%
Diane The Bachelors
18%
Do You Mind? | Why Anthony Newley
17%
Cinderella Rockefella Esther & Abi Ofarim
17%
Bad To Me | Little Children Billy J Kramer & The Dakotas
16%
I'll Never Fall In Love Again Bobbie Gentry
16%
Running Bear Johnny Preston
16%
Poetry In Motion Johnny Tillotson
16%
Baby Now That I've Found You The Foundations
16%
Blue Moon The Marcels
16%
Michelle The Overlanders
16%
Do You Love Me Brian Poole & The Tremeloes
15%
Johnny Remember Me John Leyton
15%
Out Of Time Chris Farlowe
14%
Moon River Danny Williams
14%
What Do You Want To Make Those Eyes At Me For? Emile Ford & The Checkmates
14%
Diamonds Jet Harris & Tony Meehan
13%
Tell Laura I Love Her Ricky Valance
13%
Nut Rocker B Bumble & The Stingers
12%
On The Rebound Floyd Cramer
12%
Tower Of Strength Frankie Vaughan
12%
Michael The Highwaymen
12%
You're Driving Me Crazy The Temperance Seven
12%
Well I Ask You Eden Kane
11%
Good Timin Jimmy Jones
10%
Starry Eyed Michael Holliday
10%
Juliet The Four Pennies
9%
Where Are You Now Jackie Trent
2%
No matching quizzes found
Score Distribution
Percent of People with Each Score
Percentile by Number Answered
Your Score History
You have not taken this quiz